[Event "Rated Blitz game"]
[Site "?"]
[Date "2021.06.28"]
[Round "?"]
[White "serpenscaput"]
[Black "BrilliantGambiteer"]
[Result "1-0"]
[WhiteElo "2573"]
[BlackElo "2431"]
[PlyCount "79"]
[EventDate "2021.??.??"]
[EventType "blitz"]

1. e4 e5 2. Nf3 d5 3. Nxe5 Bd6 4. d4 dxe4 5. Nc3 Bxe5 6. dxe5 Qxd1+ 7. Nxd1 Nc6
8. Bf4 Nge7 9. Bb5 Ng6 10. Bxc6+ bxc6 11. Bg3 O-O 12. Nc3 Re8 13. O-O-O Bg4 14.
Rd4 Bf5 15. Nxe4 Nxe5 16. Nc5 f6 17. Re1 Nf7 18. Rxe8+ Rxe8 19. Bxc7 Re2 20.
Rd2 Re1+ 21. Rd1 Re2 22. Nd3 Bxd3 23. Rxd3 Rxf2 24. Ra3 Rxg2 25. Rxa7 h5 26. a4
Ne5 27. Bxe5 fxe5 28. a5 e4 29. Re7 Rg5 30. b4 Kh7 31. a6 Rd5 32. c4 Rd8 33. b5
cxb5 34. cxb5 Ra8 35. Rxe4 Kg6 36. Re7 Kf6 37. Rb7 g5 38. a7 Ke6 39. b6 Kd6 40.
Rb8 {Normal} 1-0

[Event "Rated Blitz game"]
[Site "?"]
[Date "2021.06.28"]
[Round "?"]
[White "FuryJazz"]
[Black "KinzyabulatovRenat"]
[Result "0-1"]
[WhiteElo "2435"]
[BlackElo "2333"]
[PlyCount "22"]
[EventDate "2021.??.??"]
[EventType "blitz"]

1. e4 e5 2. Nf3 d5 3. d4 dxe4 4. Nxe5 Bd6 5. Bc4 Bxe5 6. dxe5 Qxd1+ 7. Kxd1 Nc6
8. c3 Bg4+ 9. Kc2 Nxe5 10. Re1 Bf5 11. Bf4 Nxc4 {Normal} 0-1

[Event "Rated Blitz game"]
[Site "?"]
[Date "2021.06.28"]
[Round "?"]
[White "RJDeighton"]
[Black "Tristan2020"]
[Result "1-0"]
[WhiteElo "2439"]
[BlackElo "2372"]
[PlyCount "51"]
[EventDate "2021.??.??"]
[EventType "blitz"]

1. e4 e5 2. Nf3 d5 3. Nxe5 Bd6 4. d4 dxe4 5. Bc4 Bxe5 6. Qh5 Qe7 7. Qxe5 Nf6 8.
Nc3 Nc6 9. Qxe7+ Kxe7 10. Bg5 Be6 11. d5 Ne5 12. Bb3 Bf5 13. h3 h6 14. Bh4 Rhd8
15. O-O-O Rac8 16. Rhe1 g5 17. Bg3 Ng6 18. f3 Nf4 19. fxe4 Bg6 20. Bxf4 gxf4
21. e5 Nh5 22. d6+ cxd6 23. exd6+ Kf8 24. d7 Rc7 25. Ba4 a6 26. Re8+ {Normal}
1-0

[Event "Rated Blitz game"]
[Site "?"]
[Date "2021.06.28"]
[Round "?"]
[White "Zol46"]
[Black "King_bg03"]
[Result "0-1"]
[WhiteElo "2412"]
[BlackElo "2589"]
[PlyCount "96"]
[EventDate "2021.??.??"]
[EventType "blitz"]

1. e4 e5 2. Nf3 d5 3. exd5 e4 4. Qe2 Nf6 5. d3 Qxd5 6. dxe4 Qxe4 7. Nc3 Bb4 8.
Bd2 Qxe2+ 9. Bxe2 O-O 10. O-O-O a6 11. h4 Nc6 12. h5 h6 13. Bd3 Bg4 14. Rde1
Bxh5 15. a3 Bc5 16. Ne4 Nxe4 17. Rxe4 Bg6 18. Rg4 Ne7 19. Ne5 Bxf2 20. Nxg6
fxg6 21. Bxg6 Nxg6 22. Rxg6 Kh7 23. Rg4 Rae8 24. Bc3 Rf7 25. b3 c5 26. Kb2 Rd7
27. Rg5 Bd4 28. Bxd4 cxd4 29. Rg3 Re2 30. Kc1 Rc7 31. Kd1 Rcxc2 32. Rh4 Rxg2
33. Rxg2 Rxg2 34. Rxd4 Rb2 35. b4 b6 36. a4 a5 37. b5 h5 38. Ke1 Ra2 39. Kf1 h4
40. Kg1 g6 41. Kh1 g5 42. Rd7+ Kg6 43. Rd6+ Kh5 44. Rxb6 Rxa4 45. Rb8 Ra2 46.
b6 Kg4 47. b7 Kg3 48. Kg1 Ra1# {Normal} 0-1

[Event "Rated Blitz game"]
[Site "?"]
[Date "2021.06.28"]
[Round "?"]
[White "MrSnake"]
[Black "YHUTANGzJHuN"]
[Result "1-0"]
[WhiteElo "2344"]
[BlackElo "2405"]
[PlyCount "83"]
[EventDate "2021.??.??"]
[EventType "blitz"]

1. e4 e5 2. Nf3 d5 3. Nxe5 dxe4 4. Nc3 Qd4 5. Nc4 Nc6 6. d3 Nf6 7. Be3 Qd8 8.
dxe4 Be6 9. Be2 Bb4 10. O-O Bxc3 11. bxc3 Nxe4 12. Bd4 O-O 13. Rb1 b6 14. Bf3
Bxc4 15. Bxe4 Nxd4 16. cxd4 Bxf1 17. Bxa8 Bc4 18. Bf3 Bxa2 19. Ra1 Bd5 20. Rxa7
Bxf3 21. Qxf3 Qxd4 22. h3 c5 23. Rb7 h6 24. Rxb6 Re8 25. Rb7 f6 26. Qb3+ c4 27.
Qg3 g5 28. Rb8 Rxb8 29. Qxb8+ Kg7 30. Qc7+ Kg6 31. Kh2 c3 32. Qg3 Qd2 33. h4
Qxc2 34. Qf3 Qd2 35. h5+ Kf7 36. Qb7+ Ke6 37. Qc8+ Kf7 38. Qc7+ Ke6 39. Qc6+
Qd6+ 40. Qxd6+ Kxd6 41. g3 c2 42. f3 {Time forfeit} 1-0

[Event "Rated Blitz game"]
[Site "?"]
[Date "2021.06.28"]
[Round "?"]
[White "Aibek_123"]
[Black "Taabling"]
[Result "0-1"]
[WhiteElo "2484"]
[BlackElo "2510"]
[PlyCount "66"]
[EventDate "2021.??.??"]
[EventType "blitz"]

1. e4 e5 2. Nf3 d5 3. d4 dxe4 4. Nxe5 Bd6 5. Nc4 Nf6 6. Ne3 O-O 7. c4 c5 8. d5
Re8 9. Nc3 Nbd7 10. Be2 Ne5 11. b3 Bd7 12. Bb2 a6 13. a4 Qc7 14. h3 h6 15. Qc2
Ng6 16. O-O-O Nf4 17. Bf1 b5 18. cxb5 axb5 19. Nxb5 Bxb5 20. Bxb5 Reb8 21. g3
Rxb5 22. axb5 Nd3+ 23. Rxd3 exd3 24. Qxd3 Be5 25. Nc4 Bxb2+ 26. Kxb2 Qa7 27. d6
Qa2+ 28. Kc3 Qxf2 29. b6 Ra2 30. Rc1 Qg2 31. d7 Nd5+ 32. Qxd5 Qxd5 33. b7 Qd4#
{Normal} 0-1

[Event "Rated Blitz game"]
[Site "?"]
[Date "2021.06.28"]
[Round "?"]
[White "V_vs"]
[Black "blastol"]
[Result "0-1"]
[WhiteElo "2595"]
[BlackElo "2440"]
[PlyCount "20"]
[EventDate "2021.??.??"]
[EventType "blitz"]

1. e4 e5 2. Nf3 d5 3. d4 dxe4 4. Nxe5 Bd6 5. Nc3 Nf6 6. Bc4 O-O 7. O-O Nc6 8.
Nxc6 bxc6 9. Bg5 Rb8 10. Bb3 Rb4 {Time forfeit} 0-1

[Event "Rated Blitz game"]
[Site "?"]
[Date "2021.06.28"]
[Round "?"]
[White "BoomerAangie"]
[Black "Fantastic_power06"]
[Result "0-1"]
[WhiteElo "2624"]
[BlackElo "2651"]
[PlyCount "86"]
[EventDate "2021.??.??"]
[EventType "blitz"]

1. e4 e5 2. Nf3 d5 3. Nxe5 dxe4 4. Bc4 Qd4 5. Nxf7 Bc5 6. Qe2 Nf6 7. c3 Qxf2+
8. Qxf2 Bxf2+ 9. Kxf2 Rf8 10. Rf1 b5 11. Bb3 Rxf7 12. Bxf7+ Kxf7 13. h3 Nc6 14.
Na3 Ne5 15. Kg1 b4 16. Nc2 Ba6 17. Rf5 Re8 18. Nxb4 Bd3 19. b3 Kg6 20. Rf2 a5
21. Nxd3 exd3 22. Ba3 Ne4 23. Rf4 Nxd2 24. Rd1 Kg5 25. Rf2 Ne4 26. Rff1 Nxc3
27. Bc1+ Kg6 28. Rde1 Ne2+ 29. Kh2 Nc6 30. Bd2 Ncd4 31. Rf2 h5 32. Ref1 a4 33.
bxa4 c5 34. Rf7 c4 35. Rc7 Rb8 36. Rxc4 Rb2 37. Rd1 Rxa2 38. Be3 Nf5 39. Rxd3
Ra1 40. Rc6+ Kh7 41. Bg5 h4 42. Ra6 Neg3 43. Rxg3 hxg3# {Normal} 0-1

[Event "Rated Blitz tournament VVVxXsmp"]
[Site "?"]
[Date "2021.06.28"]
[Round "?"]
[White "RGunawan_BKD"]
[Black "Secret2700"]
[Result "0-1"]
[WhiteElo "2348"]
[BlackElo "2497"]
[PlyCount "146"]
[EventDate "2021.??.??"]
[EventType "blitz"]

1. e4 e5 2. Nf3 d5 3. Nxe5 Bd6 4. d4 dxe4 5. Nc3 Bxe5 6. dxe5 Qxd1+ 7. Kxd1 Nc6
8. Nxe4 Bg4+ 9. f3 O-O-O+ 10. Ke1 Bf5 11. Bd3 Kb8 12. Bf4 Nge7 13. Kf2 Ng6 14.
Bg3 h5 15. h4 Ngxe5 16. Rhd1 f6 17. Be2 Bxe4 18. fxe4 Nd4 19. c3 Nxe2 20. Kxe2
Nc4 21. b3 Nb6 22. c4 Nd7 23. Rd5 Kc8 24. Rad1 c6 25. Rd6 a6 26. b4 Rhe8 27.
Kf3 Nb6 28. Rxd8+ Rxd8 29. Rxd8+ Kxd8 30. c5 Nc4 31. Bf4 Kd7 32. g4 hxg4+ 33.
Kxg4 g6 34. h5 gxh5+ 35. Kxh5 Ke6 36. Kg6 Nb2 37. Bd2 Nd3 38. Bc3 Nf2 39. Bxf6
Nxe4 40. Bd4 Kd5 41. Bb2 Kc4 42. Kf5 Nd2 43. a3 Kb3 44. Bc1 Nc4 45. Ke6 Nxa3
46. Kd7 Kxb4 47. Kc7 Nb5+ 48. Kxb7 Kxc5 49. Kxa6 Kd5 50. Kb6 Nd6 51. Ka5 c5 52.
Ka4 c4 53. Kb4 Kd4 54. Bb2+ Kd3 55. Be5 Ne4 56. Bg7 Nd2 57. Bf6 Nf3 58. Bb2 Nd4
59. Kc5 Nb3+ 60. Kb4 Nd2 61. Bg7 Nf3 62. Ba1 Nh4 63. Bf6 Ng6 64. Ka3 Nf4 65.
Kb2 Nd5 66. Be5 Nb4 67. Kc1 Nc6 68. Bf6 Na5 69. Be5 Nb3+ 70. Kb2 Nd2 71. Kc1
Nf3 72. Ba1 Ke4 73. Kc2 c3 {Time forfeit} 0-1

[Event "Rated Blitz tournament zQgDNPRJ"]
[Site "?"]
[Date "2021.06.28"]
[Round "?"]
[White "anton16072001"]
[Black "InvisibleKoT"]
[Result "0-1"]
[WhiteElo "2418"]
[BlackElo "2504"]
[PlyCount "114"]
[EventDate "2021.??.??"]
[EventType "blitz"]

1. e4 e5 2. Nf3 d5 3. exd5 e4 4. Qe2 Nf6 5. d3 Qxd5 6. Nc3 Bb4 7. Bd2 Bxc3 8.
Bxc3 O-O 9. Ne5 Re8 10. d4 Nc6 11. Qc4 Nxe5 12. dxe5 Qxc4 13. Bxc4 Ng4 14.
O-O-O Nxf2 15. Rdf1 e3 16. Bd4 Be6 17. Bxe6 Rxe6 18. Rhg1 Ng4 19. h3 Nxe5 20.
Bxe3 Rd8 21. Bf4 Ng6 22. Bxc7 Rc8 23. Bf4 Nxf4 24. Rxf4 Re2 25. c3 Rd8 26. Rd4
Rxd4 27. cxd4 Kf8 28. a4 Ke7 29. g4 Kd6 30. Rg3 Kd5 31. Rf3 f6 32. g5 Re6 33.
gxf6 Rxf6 34. Rb3 b6 35. Rb4 Rf4 36. a5 Rxd4 37. Rb5+ Kc6 38. Rg5 g6 39. axb6
axb6 40. Rg3 b5 41. Rf3 Rd7 42. h4 Kc5 43. h5 gxh5 44. Rf5+ Kb4 45. Rxh5 Re7
46. Kc2 Rc7+ 47. Kb1 Kb3 48. Rh3+ Kb4 49. Rh5 Rg7 50. Rh4+ Kb3 51. Rh3+ Ka4 52.
Rh4+ b4 53. Ka2 Ka5 54. Kb3 Rg3+ 55. Kc4 Rg7 56. b3 Rc7+ 57. Kd5 Rc5+ {Time
forfeit} 0-1

[Event "Rated Blitz game"]
[Site "?"]
[Date "2021.06.28"]
[Round "?"]
[White "YEIKOCASTELLA"]
[Black "KinzyabulatovRenat"]
[Result "0-1"]
[WhiteElo "2462"]
[BlackElo "2437"]
[PlyCount "50"]
[EventDate "2021.??.??"]
[EventType "blitz"]

1. e4 e5 2. Nf3 d5 3. exd5 e4 4. Ne5 Qxd5 5. d4 exd3 6. Nxd3 Nc6 7. Nc3 Qa5 8.
Bd2 Bf5 9. Qf3 O-O-O 10. O-O-O Nd4 11. Qg3 Nf6 12. Kb1 h5 13. h4 g6 14. Bg5 Bd6
15. f4 Be7 16. Be2 Nxe2 17. Nxe2 Ne4 18. Qe3 f6 19. Nd4 fxg5 20. Nxf5 gxf5 21.
hxg5 Bd6 22. g6 Rhg8 23. Rxh5 Rxg6 24. Qh3 Ng3 25. Rh7 Bxf4 {Normal} 0-1

[Event "Rated Blitz game"]
[Site "?"]
[Date "2021.06.28"]
[Round "?"]
[White "KnightOutpostOP"]
[Black "emiliofelixramirez"]
[Result "0-1"]
[WhiteElo "2329"]
[BlackElo "2503"]
[PlyCount "54"]
[EventDate "2021.??.??"]
[EventType "blitz"]

1. e4 e5 2. Nf3 d5 3. d4 dxe4 4. Nxe5 Bd6 5. Nc3 Nf6 6. Bc4 O-O 7. O-O Nc6 8.
Bf4 Bf5 9. Re1 Qe7 10. Nxc6 bxc6 11. Bg5 h6 12. Bxf6 Qxf6 13. Nxe4 Bxh2+ 14.
Kxh2 Qh4+ 15. Kg1 Bxe4 16. Qe2 Bd5 17. c3 a5 18. Bd3 Qg5 19. Be4 Rae8 20. Qd3
Rxe4 21. Rxe4 f5 22. f3 fxe4 23. fxe4 Qg6 24. Re1 Rf4 25. c4 Rxe4 26. Rxe4 Qxe4
27. Qxe4 Bxe4 {Normal} 0-1

[Event "Rated Blitz game"]
[Site "?"]
[Date "2021.06.27"]
[Round "?"]
[White "LevPaukman"]
[Black "annaly1979"]
[Result "0-1"]
[WhiteElo "2472"]
[BlackElo "2454"]
[PlyCount "60"]
[EventDate "2021.??.??"]
[EventType "blitz"]

1. e4 e5 2. Nf3 d5 3. Nxe5 Qe7 4. d4 f6 5. Nd3 Nc6 6. c3 Bf5 7. Be2 Bxe4 8. O-O
Qf7 9. Nd2 Bf5 10. Re1 O-O-O 11. Bg4 Nh6 12. Bxf5+ Nxf5 13. Nb3 g6 14. Nbc5
Bxc5 15. Nxc5 Rhe8 16. Bf4 Rxe1+ 17. Qxe1 g5 18. Bd2 b6 19. Nb3 h5 20. a4 Nd6
21. Qe2 Nc4 22. a5 Kb7 23. axb6 axb6 24. Bc1 Ra8 25. Rxa8 Kxa8 26. Nd2 Nd6 27.
Qa6+ Kb8 28. b3 Qe7 29. Kf1 Ne4 30. Ba3 Nxd2+ {Normal} 0-1

[Event "Rated Blitz tournament kv7AWfB1"]
[Site "?"]
[Date "2021.06.27"]
[Round "?"]
[White "Arnold-2005"]
[Black "om_gendut"]
[Result "1-0"]
[WhiteElo "2505"]
[BlackElo "2404"]
[PlyCount "167"]
[EventDate "2021.??.??"]
[EventType "blitz"]

1. e4 e5 2. Nf3 d5 3. exd5 e4 4. Nd4 Qxd5 5. Ne2 Nf6 6. Nbc3 Qe5 7. Ng3 Bd6 8.
Bc4 h5 9. Qe2 Bg4 10. Qe3 Bc5 11. f4 Qe7 12. d4 exd3 13. Qxe7+ Bxe7 14. Bxd3
Nc6 15. h3 Bd7 16. Be3 O-O-O 17. O-O-O Rhe8 18. Rhe1 Bd6 19. Nge4 Nxe4 20. Nxe4
Bb4 21. c3 Be7 22. Bf2 Bf5 23. Nd6+ Bxd6 24. Bxf5+ Kb8 25. g3 g6 26. Be4 Ne7
27. Kc2 h4 28. gxh4 Bxf4 29. Rxd8+ Rxd8 30. Bd3 Nc6 31. Re4 Bd6 32. Rg4 Ne5 33.
Rd4 Rh8 34. Be2 Nc6 35. Rg4 Ne7 36. Bd4 Rg8 37. Bf6 Nf5 38. Bc4 Rf8 39. Kd3 Bc5
40. Re4 Nd6 41. Rg4 Nf5 42. h5 gxh5 43. Rg5 Ne3 44. Rxc5 Ng2 45. Rxh5 Nf4+ 46.
Ke4 Nxh5 47. Kf5 Nxf6 48. Kxf6 Rd8 49. Bxf7 Rd2 50. h4 Rxb2 51. h5 Rh2 52. Bg6
Rf2+ 53. Kg7 Rg2 54. h6 Rh2 55. h7 b5 56. h8=Q+ Rxh8 57. Kxh8 Kb7 58. Kg7 Kb6
59. Kf6 Kc5 60. Ke5 Kc4 61. Bf7+ Kxc3 62. Kd5 b4 63. Kc6 a5 64. Bb3 a4 65. Bxa4
Kb2 66. Bb3 Ka3 67. Kxc7 Kb2 68. Kb6 Kc3 69. Kb5 Kb2 70. Kxb4 Ka1 71. a4 Kb2
72. a5 Kc1 73. a6 Kd2 74. a7 Ke3 75. a8=Q Kf4 76. Qb7 Kg5 77. Qb5+ Kh4 78. Qc5
Kg3 79. Bc4 Kh2 80. Qd4 Kh1 81. Kc3 Kg2 82. Qf6 Kh1 83. Bd3 Kh2 84. Be4 {
Time forfeit} 1-0

[Event "Rated Blitz game"]
[Site "?"]
[Date "2021.06.27"]
[Round "?"]
[White "solskytz"]
[Black "blastol"]
[Result "0-1"]
[WhiteElo "2263"]
[BlackElo "2430"]
[PlyCount "50"]
[EventDate "2021.??.??"]
[EventType "blitz"]

1. e4 e5 2. Nf3 d5 3. Nxe5 Bd6 4. d4 dxe4 5. Nc3 Nf6 6. Bc4 O-O 7. O-O Nc6 8.
Bf4 Qe8 9. Bb5 Ng4 10. Nxg4 Bxf4 11. Re1 f5 12. d5 fxg4 13. Rxe4 Qh5 14. g3 Ne5
15. Rxf4 Rxf4 16. gxf4 Nf3+ 17. Kf1 Qxh2 18. Ke2 g3 19. Kxf3 Qxf2+ 20. Ke4 Bh3
21. Qg1 Bg2+ 22. Kf5 Qxc2+ 23. Kg4 Qg6+ 24. Kh4 Bf3 25. d6 Qg4# {Normal} 0-1

[Event "Rated Blitz game"]
[Site "?"]
[Date "2021.06.27"]
[Round "?"]
[White "thespeedman1"]
[Black "adrm20000"]
[Result "1/2-1/2"]
[WhiteElo "2403"]
[BlackElo "2275"]
[PlyCount "149"]
[EventDate "2021.??.??"]
[EventType "blitz"]

1. e4 e5 2. Nf3 d5 3. Nxe5 dxe4 4. Bc4 Nh6 5. O-O Bd6 6. d4 Bxe5 7. dxe5 Qxd1
8. Rxd1 Nc6 9. Re1 Bf5 10. f3 Nxe5 11. Bd5 O-O-O 12. Bxe4 Bxe4 13. fxe4 Nhg4
14. Nc3 c6 15. Bf4 Nc4 16. b3 Na3 17. Re2 f6 18. h3 Ne5 19. Bxe5 fxe5 20. Rf1
Rhf8 21. Rf5 Rde8 22. Ref2 Rxf5 23. exf5 Kd7 24. g4 b6 25. Kg2 Ke7 26. Kf3 Rd8
27. Ke3 Rd4 28. Ne4 Nb5 29. a4 Nd6 30. Ng5 h6 31. Ne6 Re4+ 32. Kf3 Kf6 33. h4
Re1 34. Kg3 Ne4+ 35. Kf3 Nxf2 36. Kxf2 Rc1 37. c4 Rc3 38. c5 bxc5 39. Ke2 c4
40. bxc4 Rxc4 41. g5+ hxg5 42. hxg5+ Kxf5 43. Nxg7+ Kxg5 44. Ne6+ Kf5 45. Ng7+
Kg5 46. Ne6+ Kg4 47. a5 Ra4 48. Nc5 Rxa5 49. Nb3 Ra2+ 50. Kd1 Rh2 51. Nc5 Kf4
52. Nd3+ Ke4 53. Nc5+ Kd4 54. Nb3+ Kd3 55. Nc5+ Kc4 56. Ne6 a5 57. Ng5 a4 58.
Nf3 Rh1+ 59. Ke2 a3 60. Nd2+ Kb4 61. Nb1 Rh2+ 62. Kd3 Rh1 63. Nd2 Rb1 64. Nxb1
a2 65. Nd2 a1=Q 66. Ne4 Qc3+ 67. Ke2 Qd4 68. Nf2 Qe4+ 69. Nxe4 c5 70. Ke3 c4
71. Nd2 c3 72. Nb1 Kb3 73. Nxc3 Kxc3 74. Ke4 Kb2 75. Kxe5 {Normal} 1/2-1/2

[Event "Rated Rapid game"]
[Site "?"]
[Date "2021.06.27"]
[Round "?"]
[White "stathamosaurus"]
[Black "Baris_AE"]
[Result "0-1"]
[WhiteElo "2520"]
[BlackElo "2401"]
[PlyCount "128"]
[EventDate "2021.??.??"]
[EventType "rapid"]

1. e4 e5 2. Nf3 d5 3. Nxe5 Bd6 4. d4 dxe4 5. Bc4 Bxe5 6. Qh5 Qe7 7. Qxe5 Qxe5
8. dxe5 Nc6 9. Nc3 Nxe5 10. Bb3 Nf6 11. Nb5 Kd7 12. Bf4 Re8 13. O-O-O+ Kc6 14.
Nd4+ Kb6 15. h3 c5 16. Ne6 Bxe6 17. Bxe5 Bxb3 18. Rd6+ Kc7 19. Bg3 Kc8 20. cxb3
a5 21. Kb1 Ra6 22. Rxa6 bxa6 23. Rc1 Nd7 24. Bd6 e3 25. fxe3 Rxe3 26. Bxc5 Nxc5
27. Rxc5+ Kb7 28. Rg5 g6 29. Kc2 f5 30. Kd2 Re4 31. Rg3 Kc6 32. Rc3+ Kd6 33.
Rd3+ Ke5 34. Rd7 Rd4+ 35. Rxd4 Kxd4 36. Ke2 g5 37. Kf3 Kd3 38. a3 Kc2 39. b4
axb4 40. axb4 Kxb2 41. Ke3 Kc3 42. h4 h6 43. h5 Kxb4 44. Kd4 a5 45. Ke5 a4 46.
Kxf5 a3 47. Kg6 a2 48. Kxh6 g4 49. Kg5 g3 50. Kg4 a1=Q 51. Kxg3 Qd4 52. Kh3 Kc5
53. g4 Kd6 54. h6 Ke6 55. Kh4 Kf6 56. Kh5 Qe5+ 57. Kh4 Qg5+ 58. Kg3 Qxh6 59.
Kf3 Kg5 60. Kg3 Qf6 61. Kg2 Kxg4 62. Kh2 Qb2+ 63. Kg1 Kf3 64. Kf1 Qf2# {Normal}
0-1

[Event "Rated Blitz tournament LW1a9dqW"]
[Site "?"]
[Date "2021.06.27"]
[Round "?"]
[White "stambul65"]
[Black "Lur15"]
[Result "1-0"]
[WhiteElo "2478"]
[BlackElo "2347"]
[PlyCount "81"]
[EventDate "2021.??.??"]
[EventType "blitz"]

1. e4 e5 2. Nf3 d5 3. d4 dxe4 4. Nxe5 Bd6 5. Nc4 Nf6 6. Nc3 O-O 7. Bg5 Re8 8.
Be2 Nc6 9. Qd2 Be7 10. O-O-O Nb4 11. Ne5 Be6 12. a3 Nbd5 13. Nxd5 Nxd5 14. Bxe7
Qxe7 15. c4 Nb6 16. Qc3 c5 17. d5 Bxd5 18. cxd5 Qxe5 19. Qxe5 Rxe5 20. d6 Rd8
21. Rhe1 Re6 22. Bg4 Rexd6 23. Rxd6 Rxd6 24. Rxe4 g6 25. Re8+ Kg7 26. Rb8 Rd4
27. Bf3 Rc4+ 28. Kb1 Rd4 29. Rxb7 Rd2 30. Rxa7 Rxf2 31. Rb7 Nc4 32. Bd5 Ne3 33.
Bc6 Nxg2 34. a4 Ne3 35. a5 Rf6 36. Bb5 Nd5 37. a6 Rb6 38. Bc4 Rd6 39. Bxd5 Rxd5
40. a7 Rd1+ 41. Ka2 {Normal} 1-0

[Event "Rated Blitz game"]
[Site "?"]
[Date "2021.06.27"]
[Round "?"]
[White "SpeedMonkey"]
[Black "annaly1979"]
[Result "1-0"]
[WhiteElo "2542"]
[BlackElo "2455"]
[PlyCount "113"]
[EventDate "2021.??.??"]
[EventType "blitz"]

1. e4 e5 2. Nf3 d5 3. exd5 e4 4. Qe2 f5 5. d3 Nf6 6. Nbd2 Be7 7. dxe4 fxe4 8.
Nxe4 Nxe4 9. Qxe4 O-O 10. Be3 Bf5 11. Qc4 Bd6 12. Bd3 Bxd3 13. Qxd3 Nd7 14.
O-O-O a6 15. Kb1 b5 16. Nd4 Nc5 17. Qe2 Qf6 18. Rhe1 Rae8 19. Qh5 Na4 20. Bg5
Rxe1 21. Bxf6 g6 22. Qg4 Rxd1+ 23. Qxd1 Rxf6 24. Nf3 Rf7 25. Qd4 Re7 26. b3 Nc5
27. h4 Ne4 28. h5 Bc5 29. Qd3 Nxf2 30. Qc3 Bd6 31. hxg6 hxg6 32. Qf6 Ne4 33.
Qxg6+ Kf8 34. c4 bxc4 35. bxc4 a5 36. Nd4 Nc5 37. Nf5 Re1+ 38. Kc2 Be5 39. Qh6+
Kf7 40. Qc6 Rf1 41. Nh6+ Kg7 42. Qxc5 Kxh6 43. Qxa5 Rf2+ 44. Kd3 Rf6 45. Ke4
Bd6 46. c5 Bf8 47. Ke5 Bg7 48. Qd2+ Kh7 49. Ke4 Rg6 50. Qf2 Rg4+ 51. Kd3 Rg6
52. Qf5 Kh6 53. g4 Bf6 54. d6 Rg5 55. Qxg5+ Kxg5 56. dxc7 Bd8 57. c8=Q {
Time forfeit} 1-0

[Event "Rated Blitz game"]
[Site "?"]
[Date "2021.06.27"]
[Round "?"]
[White "saidamirbaku89"]
[Black "blastol"]
[Result "0-1"]
[WhiteElo "2277"]
[BlackElo "2428"]
[PlyCount "72"]
[EventDate "2021.??.??"]
[EventType "blitz"]

1. e4 e5 2. Nf3 d5 3. d4 dxe4 4. Nxe5 Bd6 5. Bf4 Nf6 6. Bc4 O-O 7. O-O Nc6 8.
Nxc6 bxc6 9. Bg5 Rb8 10. Nc3 Rb4 11. b3 Bf5 12. Re1 h6 13. Bxf6 Qxf6 14. Nxe4
Bxh2+ 15. Kxh2 Qh4+ 16. Kg1 Bxe4 17. Qe2 Bd5 18. Bxd5 cxd5 19. c3 Rb6 20. Qe7
Rf6 21. g3 Qg4 22. Qxc7 Qf3 23. Rf1 h5 24. Rae1 Rg6 25. Re3 Qg4 26. Kg2 f5 27.
Qe5 f4 28. Qxd5+ Kh7 29. Rf3 Rf5 30. Qe4 Rgf6 31. Rh1 Kg8 32. Qe8+ Rf8 33. Qe6+
Kh7 34. d5 fxg3 35. Rxg3 Rxf2+ 36. Kg1 Qxg3# {Normal} 0-1

[Event "Rated Blitz tournament o54LaW38"]
[Site "?"]
[Date "2021.06.27"]
[Round "?"]
[White "moshakvar"]
[Black "cuerosky"]
[Result "1-0"]
[WhiteElo "2412"]
[BlackElo "2261"]
[PlyCount "129"]
[EventDate "2021.??.??"]
[EventType "blitz"]

1. e4 e5 2. Nf3 d5 3. Nxe5 Bd6 4. d4 dxe4 5. Nc4 Nf6 6. Nc3 O-O 7. Bg5 Bf5 8.
Be2 Be7 9. O-O Nc6 10. d5 Nb4 11. Re1 Nbxd5 12. Nxd5 Nxd5 13. Bxe7 Nxe7 14. Ne3
Bg6 15. h4 Qxd1 16. Raxd1 h5 17. Rd7 Nc6 18. Rxc7 Rab8 19. Rd1 Rfc8 20. Rdd7
Rxc7 21. Rxc7 Nd4 22. Bc4 b5 23. Bd5 a5 24. Rd7 Rc8 25. Bxf7+ Bxf7 26. Rxd4
Bxa2 27. Rxe4 Bb1 28. Re5 Rb8 29. Rxh5 a4 30. c3 Bd3 31. Rd5 Be2 32. Rd4 Rc8
33. f3 a3 34. bxa3 Rxc3 35. Nd5 Rxa3 36. h5 Bc4 37. Ne7+ Kf7 38. Nf5 Rd3 39.
Rxd3 Bxd3 40. Nd4 b4 41. Kf2 Bc4 42. Nc6 Bb5 43. Nxb4 Kf6 44. g4 Kg5 45. Kg3
Kf6 46. f4 Bd7 47. Nd5+ Ke6 48. Ne3 Kf6 49. g5+ Kf7 50. f5 Ba4 51. Kf4 Bb3 52.
Ke5 Ba2 53. g6+ Ke7 54. Ng4 Bb1 55. h6 gxh6 56. Nxh6 Kf8 57. Ng4 Kg7 58. Ne3
Bd3 59. Nd5 Bc4 60. Nf4 Kg8 61. f6 Ba2 62. Kd6 Kf8 63. Ne6+ Kg8 64. f7+ Kh8 65.
f8=Q# {Normal} 1-0

[Event "Rated Blitz game"]
[Site "?"]
[Date "2021.06.27"]
[Round "?"]
[White "SomeCM"]
[Black "YHUTANGzJHuN"]
[Result "0-1"]
[WhiteElo "2427"]
[BlackElo "2386"]
[PlyCount "24"]
[EventDate "2021.??.??"]
[EventType "blitz"]

1. e4 e5 2. Nf3 d5 3. exd5 e4 4. Qe2 Nf6 5. Nc3 Be7 6. Nxe4 O-O 7. d3 Qxd5 8.
g3 Bg4 9. Bg2 Nc6 10. O-O Qh5 11. Bf4 Nd4 12. Ned2 Nxe2+ {Normal} 0-1

[Event "Rated Blitz game"]
[Site "?"]
[Date "2021.06.27"]
[Round "?"]
[White "jmpion7"]
[Black "KamranShirazi"]
[Result "1-0"]
[WhiteElo "2463"]
[BlackElo "2514"]
[PlyCount "59"]
[EventDate "2021.??.??"]
[EventType "blitz"]

1. e4 e5 2. Nf3 d5 3. exd5 e4 4. Qe2 Nf6 5. d3 Bb4+ 6. Nbd2 O-O 7. dxe4 Re8 8.
c3 Bc5 9. Qc4 Qxd5 10. Qxd5 Nxd5 11. Bb5 c6 12. Bc4 Nb6 13. Bb3 a5 14. O-O a4
15. Bc2 N8d7 16. Re1 Nf6 17. e5 Ng4 18. Ne4 Bf8 19. Bf4 Nc4 20. Nd6 Bxd6 21.
exd6 Be6 22. b3 Na3 23. Bd3 Nb5 24. Bxb5 cxb5 25. Nd4 Bd7 26. h3 Nf6 27. Kf1
Nd5 28. Bd2 Ra6 29. c4 bxc4 30. bxc4 {Time forfeit} 1-0

[Event "Rated Blitz game"]
[Site "?"]
[Date "2021.06.27"]
[Round "?"]
[White "SomeCM"]
[Black "YHUTANGzJHuN"]
[Result "0-1"]
[WhiteElo "2402"]
[BlackElo "2386"]
[PlyCount "92"]
[EventDate "2021.??.??"]
[EventType "blitz"]

1. e4 e5 2. Nf3 d5 3. Nxe5 dxe4 4. d4 Bd6 5. Nc4 Nc6 6. Nxd6+ Qxd6 7. c3 f5 8.
Bc4 Nf6 9. Bg5 h6 10. Bxf6 Qxf6 11. O-O Bd7 12. Na3 O-O-O 13. Nc2 Be6 14. Bb5
Bf7 15. Bxc6 Qxc6 16. Qd2 g5 17. Rfe1 Bc4 18. Ne3 Be6 19. c4 f4 20. d5 fxe3 21.
Qxe3 Bxd5 22. cxd5 Qb6 23. Qxe4 Rhf8 24. Re2 Rf4 25. Qe6+ Kb8 26. g3 Rd4 27.
Qxb6 axb6 28. Re6 h5 29. Rh6 h4 30. gxh4 gxh4 31. Kf1 R8xd5 32. Re1 Rd2 33. Re2
R2d4 34. h3 Rg5 35. Re8+ Ka7 36. Reh8 Rd2 37. Rxh4 Rxb2 38. Ra4+ Ra5 39. Rxa5+
bxa5 40. h4 Rxa2 41. h5 Ra4 42. h6 Rh4 43. h7 a4 44. Kg2 a3 45. Kg3 Rh6 46. f4
a2 {Normal} 0-1

[Event "Rated Blitz game"]
[Site "?"]
[Date "2021.06.27"]
[Round "?"]
[White "Aram67-Shag"]
[Black "YHUTANGzJHuN"]
[Result "1-0"]
[WhiteElo "2484"]
[BlackElo "2459"]
[PlyCount "109"]
[EventDate "2021.??.??"]
[EventType "blitz"]

1. e4 e5 2. Nf3 d5 3. d4 dxe4 4. Nxe5 Bd6 5. f4 exf3 6. Nxf3 Nf6 7. Bd3 O-O 8.
O-O Nc6 9. c3 Bg4 10. Bg5 h6 11. Bh4 g5 12. Be1 Kg7 13. Nbd2 Nd5 14. Nc4 b5 15.
Nxd6 Qxd6 16. Bd2 b4 17. Bb1 bxc3 18. bxc3 Nf4 19. Qc2 f5 20. Bxf4 Qxf4 21. h3
Bh5 22. Kh1 Qg3 23. d5 Ne7 24. Nd4 Bg6 25. Ne6+ Kh7 26. Nxf8+ Rxf8 27. Qf2 Qh4
28. Qxh4 gxh4 29. c4 Ng8 30. Bd3 Ne7 31. Rab1 Rd8 32. Rb7 Rd7 33. Rxa7 Kg7 34.
a4 Kf6 35. a5 Nc8 36. Rb7 Nd6 37. a6 Nxb7 38. axb7 Rd8 39. c5 Ke5 40. Bc4 Kd4
41. Ba2 Kxc5 42. Rc1+ Kb6 43. Rb1+ Ka7 44. Rb4 Rb8 45. Rxh4 Rxb7 46. Rxh6 Bf7
47. Rf6 Rb1+ 48. Bxb1 Be8 49. Rxf5 Bd7 50. Rf7 Be6 51. Rxc7+ Kb6 52. Rb7+ Kxb7
53. dxe6 Kc7 54. e7 Kd6 55. e8=Q {Time forfeit} 1-0